000 00833nam a22002417a 4500
003 OSt
005 20260430013912.0
008 260430b |||||||| |||| 00| 0 eng d
020 _a978-621-416-111-9
040 _aDWCL Main Lib.
_cOC
082 _22022 edition
_a332.041 C112f 2022
100 _aCabrera, MA. Elenita B., BBA, MBA, CPA.
245 _aFinancial Markets and Institutions/
_cMA. Elenita B. Cabrera, BBA, MBA, CPA.
250 _a2022 edition
260 _aRecto Avenue, Manila:
_bGIC Enterprises and Co.
_cC2022.
300 _axvi, 353 pages:
_billustrations;
_c23cm.
504 _aincludes bibliographic references
650 _afinancial markets
700 _aGilbert Anthony B. Cabrera
700 _aBernadette Ann Cabrera
760 _b2022 edition
942 _2ddc
_cBK - FIL
_e2022 edition
_hFil.
_n0
999 _c10059
_d10059